01042pab a2200157 454500008004000000100002300040245006200063260000900125300001200134362000800146520065600154650001500810650001400825700002000839773002500859180718b1999 xxu||||| |||| 00| 0 eng d aSauerzopf, Richard aThe urban electorate in Presidential elections, 1920-1996 c1999 ap.72-91 aSep aThis study of voting in presidential elections in 12 central cities from 1920 to 1996 shows that cities played a crucial role in the New Deal realignment that dominated presidential elections from 1932 to the 1960s. Since then, cities have declined as a share of the total electorate, but they still provide crucial votes for successful Democratic presidential candidates. As cities have increasingly deviated from national voting trends, however, their turnout rates have increasingly fallen behind the national rates. A call is issued for researchers to break down the suburban vote and to examine contextual effects on voting behavior. - Reproduced aPresidents aElections aSwanstrom, Todd aUrban Affairs Review